Qualitative research practice : A guide for social science students and researchers

Bibliographic Details
Main Author: Jane, Ritchie
Format: Book
Published: London : SAGE publications , 2003
Subjects:

MARC

LEADER 00000cam a2200000 7i4500
001 0000013903
005 20050422.0
020 |a 0761971092 
040 |a INS 
090 0 0 |a H62   |b Q3546 2003 
100 1 |a Jane, Ritchie 
245 1 0 |a Qualitative research practice :   |b A guide for social science students and researchers   |c Ritchie Jane 
260 |a London :   |b SAGE publications ,   |c 2003 
300 |a vi :   |b 336p ;   |c 25cm. 
650 0 0 |a Quantitative research 
650 0 0 |a Social science   |x Methodology 
650 0 0 |a Social science   |x Research 
999 |a 0000014142   |b BOOK   |c Open Shelf   |e Default branch